Вып. 13; Приборостроение

Détails bibliographiques
Parent link:Приборостроение: республиканский межведомственный сборник научных трудов/ Белорусский политехнический институт. Вып. 13.— , 1978-1991
Autres auteurs: Ермоленко Н. Н.
Langue:russe
Publié: 1991
Sujets:
Format: MixedMaterials Livre
KOHA link:https://koha.lib.tpu.ru/cgi-bin/koha/opac-detail.pl?biblionumber=197475

MARC

LEADER 00000nam2a2200000 4500
001 197475
005 20231101224746.0
035 |a (RuTPU)RU\TPU\book\215407 
090 |a 197475 
100 |a 20110611d1991 k y0rusy50 ca 
101 0 |a rus 
102 |a BY 
105 |a a z 001zy 
200 0 |a Вып. 13  |f гл. ред. Н. Н. Ермоленко 
210 |d 1991 
215 |a 144 с.  |c ил. 
320 |a Библиогр. в конце ст. 
461 1 |0 (RuTPU)RU\TPU\book\110879  |t Приборостроение  |o республиканский межведомственный сборник научных трудов  |f Белорусский политехнический институт  |v Вып. 13  |d 1978-1991 
606 1 |a Приборостроение  |2 stltpush  |3 (RuTPU)RU\TPU\subj\71978  |9 85626 
610 1 |a электронное приборостроение 
610 1 |a оптическое приборостроение 
610 1 |a стекла 
610 1 |a синтез 
610 1 |a квантовая электроника 
610 1 |a микропроцессоры 
610 1 |a ЭВМ 
610 1 |a разработка 
610 1 |a проектирование 
610 1 |a светодиоды 
610 1 |a технология 
675 |a 681.2  |v 3 
702 1 |a Ермоленко  |b Н. Н.  |4 651 
801 1 |a RU  |b 63413507  |c 20110611 
801 2 |a RU  |b 63413507  |c 20161228  |g RCR 
942 |c BK